| 000 | 00521nam a22001697a 4500 | ||
|---|---|---|---|
| 999 |
_c8495 _d8495 |
||
| 008 | 201125b ||||| |||| 00| 0 eng d | ||
| 040 | _aBMS College of Architecture | ||
| 100 | _aA, Varunchandra | ||
| 245 | _aUrban Square Hebbal Bangalore | ||
| 300 | _aiv, 46p. | ||
| 500 | _a1BM14AT114 | ||
| 502 |
_8B,Arch _NBMS College of Architecture, Visvesvaraya Technological University (VTU) _aProject report _d2018 |
||
| 650 | _aUrban | ||
| 700 |
_aShilpa Shirish _eGuide |
||
| 700 |
_aSayee Deodhar _eGuide |
||
| 942 |
_2ddc _cTHE |
||